000 00549nam a2200181Ia 4500
008 090124s9999 xx 000 0 und d
082 _b10860
100 _aफडणीस जगन
245 _a सत्तेचे मोहरे
250 _a0
260 _bगं्रथाली प्रकाशन
_c1977
300 _a197
600 _aफडणीस जगन
630 _a सत्तेचे मोहरे
700 _aफडणीस जगन
730 _a सत्तेचे मोहरे
942 _cBOOK
999 _c85952
_d85952